000 00645nam a2200217 i 4500
001 91092
003 ES-MaACL
005 20230906180633.0
007 t|
008 050127s1964 sp ||||1| cat d
100 1 _aLeonard, A.
_971660
245 1 0 _aDialeg entre cristians i no cristians /
_cA. Leonard ; traductor Emili Bou.
250 _a[1ª ed.].
260 _aBarcelona :
_bEstela,
_c[1964]
300 _a77 p. ;
_c20 cm.
490 1 _aBiblioteca tecnológica del seglar
700 1 _aBou, Emili.
_930814
830 0 _aBiblioteca tecnológica del seglar
_9231966
852 _aES-MaACL
_jC-25442
_bR.53862
999 _c91092
_d91092